| 000 | 00915cam a22002771 4500 | ||
|---|---|---|---|
| 001 | e 42000282 | ||
| 003 | DLC | ||
| 005 | 20260227111231.0 | ||
| 008 | 830106s1942 miua b s000 0 eng c | ||
| 010 | _ae 42000282 | ||
| 035 | _a(OCoLC)9103375 | ||
| 040 |
_aU.S. Off. of educ. Library _cDNIE _dDLC |
||
| 042 | _apremarc | ||
| 043 | _an-us-mi | ||
| 050 | 0 | 0 |
_aL162 _b.B3 no. 319 |
| 082 |
_a379.173 _a370.61774 |
||
| 110 | 1 |
_aMichigan. _bDepartment of Public Instruction. |
|
| 245 | 1 | 0 |
_aWorking with children in one and two teacher schools ... _cPublished by Eugene B. Elliott, superintendent of public instruction. |
| 260 |
_aLansing, Mich., _c1942. |
||
| 300 |
_a97 p. _billus. _c23 cm. |
||
| 490 | 1 |
_aIts Bulletin _vno. 319 |
|
| 504 | _aIncludes references. | ||
| 650 | 0 |
_aRural schools _zMichigan. |
|
| 650 | 0 | _aEducation. | |
| 810 | 1 |
_aMichigan. _bDepartment of Public Instruction. _tBulletin _vno. 319. |
|
| 999 |
_c21889 _d21889 |
||